| 000 | 01066cam a2200325 a 4500 | ||
|---|---|---|---|
| 999 |
_c21424 _d21424 |
||
| 001 | 1642903 | ||
| 003 | BDDh-ASL | ||
| 005 | 20231015030007.0 | ||
| 008 | 950718s1994 ko b 000 0 eng d | ||
| 010 | _a 96153164 | ||
| 020 | _a8974293099 | ||
| 035 | _a(OCoLC)32834580 | ||
| 040 |
_aIGleD _cIGleD _dDLC _dBDDh-ASL |
||
| 041 | 1 |
_aeng _hkor |
|
| 042 | _alccopycat | ||
| 043 | _aa-kn--- | ||
| 050 | 0 | 0 |
_aDS935.65 _b.F668 1994 |
| 082 | 0 | 0 |
_a327.5193 _221 _bFOR |
| 245 | 0 | 0 |
_aForeign relations of North Korea : _bduring Kim Il Sung's last days / _cedited by Doug Joong Kim. |
| 260 |
_aSeoul, Korea : _bSejong Institute, _cc1994. |
||
| 300 |
_axii, 575 p. ; _c23 cm. |
||
| 504 | _aIncludes bibliographical references (p. 537-575). | ||
| 600 | 1 | 0 |
_aKim, Il-sŏng, _d1912-1994. |
| 650 | 0 |
_91531 _aInternational Relations |
|
| 651 | 0 |
_aKorea (North) _xForeign relations. |
|
| 700 | 1 | _aKim, Tŏk-chung. | |
| 906 |
_a7 _bcbc _ccopycat _d3 _encip _f19 _gy-gencatlg |
||
| 942 |
_2ddc _cBK |
||